01301nam a22003615b 4500001000600000003000900006005001700015007000300032008003500035017000900070020001500079040003000094082002800124100003900152245007700191250000600268264004800274300005100322336002900373337003500402338002900437490005600466590002600522600000600548650002300554650003800577650003800615700003700653910004100690942001200731952017900743999001700922 446 DO-SdBPM20251119060401.0ta950710s1992 sp a | | ||spa  a b  a8434208482 aDO-SdBPMbspacBPMSUerda 4a808.068bV864v 19922221 aViza, Montserrateautor 4aut. d 10aViajo en tren/ cMontserrat Viza ; ilustraciones de Francesc Rovira /h  a  aBarcelona, España : b Parramón, c1992 avarias paginaciones. :bilustraciones ;c20 cm atexto btxt 2rdacontent asin mediación bn2rdamedia  avolumen bnc2rdacarrier0 a Primera Biblioteca de los Niños ;a Viajo env  aInventariado, 2025/VM 2  7aCuentos infantiles 7alibros ilustrados para niñosv  7aLibros y lectura para niñosv 1 a: Rovira, Francesc,eilustrador  aVMateo V. Control de calidad. BPMSU  2ddccBK 00102ddc708CI-GaBPMETbBPMETd2025-11-18eAgencia de Cooperación internacional del Japón l0oBPMSU CGI 808.068 V864v 1992pBPMSU25110044r2025-11-18w2025-11-18yBK c15511d15511